000 00313nam a2200121 4500
082 0 _a299.6
100 1 _aWheeler, Andrew C.
245 1 0 _aOur african spiritual heritage :
_bA tee course for Sudan
_cRev. Andrew C. Wheeler
260 _cc.1993
300 _a53 p.
700 1 _aWheeler, Andrew C.
942 _2ddc
_cBK
999 _c64351
_d64325